000 00719nam a22002417a 4500
001 32452
003 UA-OsUOA
005 20220425192225.0
007 ta
008 20050202b un ||||| |||| 00| 0 ukr d
040 _aUA-OsUOA
_brus
_cUA-OsUOA
_dUA-OsUOA
041 _arus
044 _aRU
080 _a821.133.1
090 _a821.133.1
_bЛ25
100 _aЛарошфуко Фр.
245 _aМаксимы. Блез Паскаль. Мысли. Жан де Лабрюйер. Характеры
_cвступ. ст. В. Бахмутский
260 _aМосква
_bХудожественная литература
_c1974
300 _a544 с.
_bил.
650 7 _2UDC
942 _cBK
_2udc
955 _a0
999 _c318896
_d318896